Premeny výchovy v škole a v rodine zborník z vedeckej konferencie

Podrobná bibliografia
Médium: Kniha
Jazyk:slovenčina
čeština
nemčina
Fyzický popis:238 s. sch., tab. 21 cm
Vydavateľské údaje: Nitra Univerzita Konštantína Filozofa Spoločnosť slovenských a nemeckých pedagógov 1997
ISBN:8080501351
Predmet:

MARC

LEADER 00000cam a2200000 a 4500
001 vtls001404515
003 SK-MaSNL
005 20260301120143.0
008 250414s1997 xo a fr 10000 slo
015 |a SNBA2001/04-01102 
020 |a 8080501351 
035 |a SNK000359092 
035 |a urn:nbn:sk:snk-amjskz 
035 |a urn:nbn:sk:snk:ar-a0bac1 
035 |a 49c88591-3c1e-4a0c-905f-ebdcaabffb28 
040 |a SNK  |b slo  |c SNK  |e AACR2 
041 0 |a slo  |a cze  |a ger 
044 |a xo  |c SK 
080 |a 37(082)=854=850=30  |2 1981 
080 |a 37.018.1(082)=854=850=30  |2 1981 
245 0 0 |a Premeny výchovy v škole a v rodine  |b zborník z vedeckej konferencie 
260 |a Nitra  |b Univerzita Konštantína Filozofa  |b Spoločnosť slovenských a nemeckých pedagógov  |c 1997 
300 |a 238 s.  |b sch., tab.  |c 21 cm 
500 |a 250 výt. 
500 |a Čiast. text nem. a čes. 
504 |a Bibliogr. odkazy 
546 |a Res. angl. a nem. 
650 0 7 |a výchova  |2 SNKPH  |9 957 
650 0 7 |a rodinná výchova  |2 SNKPH  |9 66934 
650 0 7 |a rodina a škola  |2 SNKPH  |9 67172 
655 7 |a zborníky konferencií  |2 SNKPH  |9 70153 
655 7 |a issue_zb  |2 SNK  |9 276493 
852 |a Slovenská národná knižnica 
919 |a 80-8050-135-1 
954 |a odborná, vedecká literatúra pôvodná (slovenská)  |2 lita 
954 |a odborná, vedecká literatúra cudzojazyčná (svetová)  |2 lita 
958 |a ART 
958 |a TL 
958 |a NB 
958 |a OND 
999 |c 724902  |d 726832 
952 |t P60, <03>, [BOOK], {603}  |a SNK  |b SNK  |y PREZ  |7 0  |p 17A0266329  |o snkSC 103729  |i snkKSP 1123/2001  |0 0  |1 0  |4 0  |d 2001-01-23  |l 0  |r 2025-09-25 00:00:00  |w 2026-02-23